00799 a2200217 4500020001500000020001500015040001300030082001000043100001900053245005000072250001200122260003100134300005600165650001600221700001600237856008900253856009000342942002300432999001500455952011100470 a0471055840 a0471055840 aDLCbDLC00a519.61 aChase, Warren.10aGeneral statistics cWarren Chase, Fred Bown. a3rd ed. aNew York :bWiley,cc1997. axv, 601, 66, 41, 5 p. :bill. (some col.) ;c27 cm. 0aStatistics.1 aBown, Fred.423Publisher descriptionuhttp://www.loc.gov/catdir/enhancements/fy0607/96011200-d.html423Table of contents onlyuhttp://www.loc.gov/catdir/enhancements/fy0607/96011200-t.html cBKk519.6 CHA2ddc c7698d7698 001040708NFICaCLbCLcGENd2001-08-27eDonationl0o519.6 CHApSEECS001226r2021-11-15w2017-01-05yBK